| 000 | 00416 a2200157 4500 | ||
|---|---|---|---|
| 005 | 20260429143851.0 | ||
| 008 | 260427b |||||||| |||| 00| 0 eng d | ||
| 020 | _a9780000198174 | ||
| 080 |
_aFM _bVIJ/M |
||
| 100 | _aVijayakumari Amma,P | ||
| 245 | _aManthara(മന്ഥര) | ||
| 260 |
_bNational Book Stall _aKottayam _c2014 |
||
| 300 | _a96p. | ||
| 653 | _aFiction-N0vel-Malayalam Literature | ||
| 942 | _cBK | ||
| 999 |
_c115474 _d115473 |
||